[Event "Xtracon Chess Open 2019"]
[Site "Helsingor DEN"]
[Date "2019.07.21"]
[Round "3.135"]
[White "Baliuniene, Margarita"]
[Black "Olsen, Karsten Kierkegaard"]
[Result "1-0"]
[WhiteElo "1917"]
[BlackElo "1670"]
[WhiteFideId "12802760"]
[BlackFideId "1416944"]
[EventDate "2019.07.20"]

1. d4 e6 2. Nf3 d5 3. c4 c6 4. e3 Nf6 5. Nc3 Bd6 6. Bd3 Nbd7 7. O-O e5 8. cxd5
cxd5 9. dxe5 Nxe5 10. Nxe5 Bxe5 11. f4 Bxc3 12. bxc3 O-O 13. Qc2 Re8 14. Rb1 Qc7
15. Bd2 Bd7 16. Qb3 Bc6 17. c4 Ne4 18. Bxe4 dxe4 19. Bc3 Rad8 20. Bd4 Qa5 21.
Qb2 f6 22. Qf2 Rd7 23. Rb2 Rf7 24. g4 f5 25. g5 Re6 26. h4 h5 27. gxh6 Rxh6 28.
Qg3 Qd8 29. Qg5 Qxg5+ 30. hxg5 Rh4 31. Bxa7 Rd7 32. Bd4 g6 33. Rh2 Rg4+ 34. Kf2
Rxd4 35. exd4 Rxf4+ 36. Ke2 Rg4 37. d5 Ba4 38. Rb1 Bc2 39. Rxb7 Bd3+ 40. Kd2
Rxg5 41. d6 1-0

[Event "Xtracon Chess Open 2019"]
[Site "Helsingor DEN"]
[Date "2019.07.21"]
[Round "3.136"]
[White "Madsen, Svend"]
[Black "Smeby, Ole"]
[Result "0-1"]
[WhiteElo "1655"]
[BlackElo "1887"]
[WhiteFideId "1419846"]
[BlackFideId "1503677"]
[EventDate "2019.07.20"]

1. e4 d5 2. exd5 Qxd5 3. Nc3 Qa5 4. d4 Nf6 5. Be2 Bf5 6. Bd2 c6 7. Ne4 Qc7 8.
Nxf6+ gxf6 9. Bg4 Bxg4 10. Qxg4 Qd7 11. Qxd7+ Nxd7 12. Ne2 e6 13. Bf4 Nb6 14.
O-O Nd5 15. Bg3 h5 16. h3 O-O-O 17. Bh4 Bg7 18. c3 Ne7 19. Bg3 Nf5 20. Bh2 Nh4
21. Bg3 Ng6 22. Nf4 Ne7 23. Rad1 Nf5 24. Bh2 Bf8 25. g3 Bd6 26. Ng2 Rhg8 27. Kh1
Rg6 28. Rfe1 Rgg8 29. Ne3 Ne7 30. Ng2 c5 31. dxc5 Bxc5 32. Kg1 Nf5 33. Kf1 Bd6
34. Ne3 Ne7 35. Bg1 f5 36. Nc4 Bc7 37. Rxd8+ Rxd8 38. Ke2 b5 39. Ne3 Ng6 40. Rd1
Rg8 41. Nf1 Nf4+ 42. gxf4 Rxg1 43. Kf3 Kb7 44. Ne3 Rxd1 45. Nxd1 a5 46. Ne3 h4
47. c4 Kc6 48. cxb5+ Kxb5 49. b3 Kb4 50. Nc4 f6 51. Ne3 Ka3 52. Ng2 Kxa2 53.
Nxh4 Kxb3 54. Nxf5 exf5 55. h4 Bd6 0-1

[Event "Xtracon Chess Open 2019"]
[Site "Helsingor DEN"]
[Date "2019.07.21"]
[Round "3.137"]
[White "Gaure, Sigurd Lauvas"]
[Black "Fjallheim, Leif Reinert"]
[Result "0-1"]
[WhiteElo "1657"]
[BlackElo "1883"]
[WhiteFideId "1524933"]
[BlackFideId "7201788"]
[EventDate "2019.07.20"]

1. e4 b6 2. d4 Bb7 3. Nc3 e6 4. Bc4 Nf6 5. Bg5 h6 6. Bxf6 Qxf6 7. Nf3 Bb4 8. e5
Qd8 9. O-O O-O 10. Qd3 d5 11. Bb3 Ba6 12. Qe3 Bxf1 13. Kxf1 c5 14. a3 Bxc3 15.
bxc3 c4 16. Ba2 Nc6 17. Ke2 f6 18. Bb1 Qe7 19. Nh4 Qf7 20. Nf3 Qg6 21. Kd2 fxe5 0-1

[Event "Xtracon Chess Open 2019"]
[Site "Helsingor DEN"]
[Date "2019.07.21"]
[Round "3.138"]
[White "Moller, Arne Vang"]
[Black "Nielsen, Leo Kresten Roland"]
[Result "1-0"]
[WhiteElo "1872"]
[BlackElo "1653"]
[WhiteFideId "1406175"]
[BlackFideId "1426095"]
[EventDate "2019.07.20"]

1. e4 e5 2. Nf3 d6 3. d4 Bg4 4. dxe5 Bxf3 5. Qxf3 dxe5 6. Bc4 Qf6 7. Qb3 Bc5 8.
O-O b6 9. Be3 Nd7 10. Nc3 Ne7 11. Rad1 c6 12. Bxf7+ Qxf7 13. Qxf7+ Kxf7 14. Rxd7
Rhd8 15. Rxd8 Rxd8 16. Bxc5 bxc5 17. Rd1 Rd4 18. f3 Ke6 19. Kf2 Nc8 20. b3 Nd6
21. Rxd4 cxd4 22. Na4 Nb7 23. Ke2 Kd6 24. h4 h6 25. g3 g5 26. hxg5 hxg5 27. Nb2
c5 28. a4 a5 29. Kd3 Ke6 30. Kc4 g4 31. fxg4 Nd6+ 32. Kd3 Kf6 33. Nd1 Kg6 34.
Nf2 Kg5 35. Ke2 c4 36. Kf3 Nb7 37. bxc4 Nc5 38. Nd3 Nxa4 39. c5 Kf6 40. c6 Ke6
41. g5 Nb6 42. Nc5+ Ke7 43. c7 Kf7 44. Kg4 Kg6 45. Nd7 Nc8 1-0

[Event "Xtracon Chess Open 2019"]
[Site "Helsingor DEN"]
[Date "2019.07.21"]
[Round "3.139"]
[White "Fjallheim, Elmar Reinert"]
[Black "Haraldsson, Leif"]
[Result "0-1"]
[WhiteElo "1609"]
[BlackElo "1857"]
[WhiteFideId "7201095"]
[BlackFideId "1710648"]
[EventDate "2019.07.20"]

1. e4 e5 2. Nf3 d6 3. d4 Nd7 4. Nc3 c6 5. Bc4 Qc7 6. O-O h6 7. a4 a5 8. dxe5
dxe5 9. b3 Ngf6 10. Re1 Bb4 11. Bd2 Nb6 12. Bd3 Bg4 13. Qe2 Nh5 14. Nb1 Be7 15.
h3 Be6 16. Bc3 Nf4 17. Qe3 Ng6 18. Nbd2 Nd7 19. Nc4 f6 20. Red1 O-O 21. Qe1 b6
22. Ne3 Kh7 23. Nf5 Nc5 24. Nxe7 Qxe7 25. Qe3 Nf4 26. Bf1 g5 27. h4 Rg8 28. hxg5
hxg5 29. g3 Qf7 30. Nh2 Qg6 31. f3 g4 32. gxf4 gxf3+ 33. Kh1 exf4 34. Qf2 Nxe4
35. Qh4+ Kg7 36. Be1 Kf7 37. Qxf4 0-1

[Event "Xtracon Chess Open 2019"]
[Site "Helsingor DEN"]
[Date "2019.07.21"]
[Round "3.140"]
[White "Willard, Hakan"]
[Black "Stage, Allan Juul"]
[Result "1/2-1/2"]
[WhiteElo "1614"]
[BlackElo "1855"]
[WhiteFideId "1733621"]
[BlackFideId "1452371"]
[EventDate "2019.07.20"]

1. e4 e6 2. d4 d5 3. Nd2 Nf6 4. e5 Nfd7 5. Ngf3 c5 6. c3 Nc6 7. Be2 Be7 8. O-O
O-O 9. Re1 f6 10. exf6 Bxf6 11. Nf1 e5 12. dxe5 Ndxe5 13. Ng3 d4 14. Nxe5 Bxe5
15. cxd4 Bxd4 16. Bc4+ Kh8 17. Be3 b6 18. Bxd4 Nxd4 19. Rc1 Bb7 20. Qh5 Qf6 21.
Rf1 Rae8 22. Bd3 h6 23. Qg6 Qxg6 24. Bxg6 Ne2+ 25. Nxe2 Rxe2 26. Rc2 Re6 27. Bd3
Rd8 28. Bc4 Red6 29. f3 Bd5 30. Bxd5 Rxd5 31. Rfc1 Kg8 32. Kf2 Rh5 33. h3 Kf7
34. Re1 Rhd5 35. Rce2 R8d7 36. Kg3 c4 37. Re3 b5 38. a3 a5 39. Re5 b4 40. axb4
axb4 41. Rxd5 Rxd5 42. Rc1 Rd2 43. Rxc4 Rxb2 44. Rc6 Ke7 45. Rb6 Rb1 46. f4 b3
47. Kg4 b2 48. g3 Kf7 49. f5 Kf8 50. h4 1/2-1/2

[Event "Xtracon Chess Open 2019"]
[Site "Helsingor DEN"]
[Date "2019.07.21"]
[Round "3.141"]
[White "Larsen, Preben R."]
[Black "Eiding, Amanda Mai Irgens"]
[Result "1/2-1/2"]
[WhiteElo "1844"]
[BlackElo "1633"]
[WhiteFideId "1425790"]
[BlackFideId "1549499"]
[EventDate "2019.07.20"]

1. Nf3 d5 2. b3 Nf6 3. Bb2 Bf5 4. e3 e6 5. Be2 Bd6 6. d3 h6 7. Nbd2 Nbd7 8. Rc1
c6 9. O-O O-O 10. Re1 a5 11. h3 a4 12. Bf1 axb3 13. axb3 Bh7 14. c4 Nc5 15. cxd5
exd5 16. d4 Nce4 17. Ra1 Bb4 18. Bd3 Nxd2 19. Bxh7+ Nxh7 20. Nxd2 Nf6 21. Re2
Rxa1 22. Qxa1 Qa8 23. Qc1 Qa2 24. Bc3 Bxc3 25. Qxc3 Ne4 26. Qd3 Qa1+ 27. Kh2
Nxd2 28. Rxd2 Ra8 29. e4 Qa5 30. exd5 Qxd5 31. Qc4 Rd8 32. Qxd5 Rxd5 33. b4 b6
34. Kg3 c5 35. bxc5 bxc5 36. Kf4 cxd4 37. Ke4 Rg5 38. f4 Ra5 39. Rxd4 Kh7 40. g4
Ra1 41. Kf5 Ra5+ 42. Ke4 Ra1 43. f5 Rh1 44. Rd3 Re1+ 45. Kf4 Rf1+ 46. Kg3 Rg1+
47. Kf2 Rb1 48. Rd7 Rb2+ 49. Kg3 Rb3+ 50. Kf4 f6 51. h4 Rb4+ 52. Kf3 Rb3+ 53.
Ke4 Rb4+ 54. Rd4 Rb1 1/2-1/2

[Event "Xtracon Chess Open 2019"]
[Site "Helsingor DEN"]
[Date "2019.07.21"]
[Round "3.142"]
[White "Vehl, Tina"]
[Black "Borrmann, Laurenz"]
[Result "1-0"]
[WhiteElo "1823"]
[BlackElo "1623"]
[WhiteFideId "1418262"]
[BlackFideId "312187930"]
[EventDate "2019.07.20"]

1. d4 Nf6 2. c4 g6 3. Nc3 Bg7 4. e4 O-O 5. e5 Ne8 6. Nf3 d6 7. Be3 Nc6 8. exd6
cxd6 9. d5 Ne5 10. Nxe5 Bxe5 11. Qd2 Bd7 12. Be2 Nc7 13. O-O Qb8 14. Rab1 b5 15.
f4 Bg7 16. c5 dxc5 17. Bxc5 Re8 18. Bf3 Na6 19. Bf2 b4 20. Ne2 Qd6 21. Rfd1 Red8
22. Rbc1 Be8 23. Nd4 Rac8 24. g3 Qb8 25. Qe2 Rxc1 26. Rxc1 Nc7 27. Nc6 Bxc6 28.
dxc6 e6 29. Rc2 Bd4 30. Kg2 Qb6 31. Rd2 Nb5 32. Qd1 Rd6 33. c7 Qxc7 34. Bxd4
Nxd4 35. Rxd4 Rxd4 36. Qxd4 Qc2+ 37. Qf2 Qb1 38. b3 a5 39. Qe2 Qc1 40. Be4 1-0

[Event "Xtracon Chess Open 2019"]
[Site "Helsingor DEN"]
[Date "2019.07.21"]
[Round "3.143"]
[White "Wagner, Frank"]
[Black "Svane, Freja"]
[Result "0-1"]
[WhiteElo "1810"]
[BlackElo "1600"]
[WhiteFideId "24624241"]
[BlackFideId "12940100"]
[EventDate "2019.07.20"]

1. Nf3 e6 2. g3 Nf6 3. Bg2 d5 4. O-O Be7 5. d3 O-O 6. Nbd2 Nbd7 7. b3 c6 8. Bb2
Qc7 9. c4 Rd8 10. Rc1 Qa5 11. Ra1 Bb4 12. a3 Bxd2 13. Nxd2 Qb6 14. Qc2 a5 15. e3
Qa6 16. d4 b6 17. Rfc1 Bb7 18. Qd1 Rac8 19. Rc2 dxc4 20. Nxc4 Nd5 21. Nd6 Rc7
22. e4 Ne7 23. Qf3 Rf8 24. Qf4 Ng6 25. Qe3 c5 26. Rac1 Rd8 27. Nxb7 Qxb7 28. e5
Qb8 29. Qg5 Rcc8 30. f4 cxd4 31. Bxd4 Nc5 32. Bxc5 Rxc5 33. Rxc5 bxc5 34. h4 h6
35. Qg4 Qxb3 36. Kh2 Qxa3 37. Rf1 Ne7 38. Rd1 Rd3 39. Rb1 Rb3 40. Rd1 Nf5 41.
Rd8+ Kh7 42. Be4 g6 43. h5 Rxg3 44. hxg6+ fxg6 45. Rd7+ Kg8 46. Rd8+ Kf7 47.
Rd7+ Kf8 48. Qd1 Rh3+ 49. Kg1 Qg3+ 50. Bg2 Qh2+ 51. Kf2 Qxf4+ 52. Kg1 Qe3+ 0-1

[Event "Xtracon Chess Open 2019"]
[Site "Helsingor DEN"]
[Date "2019.07.21"]
[Round "3.144"]
[White "Huse, Arne Kjelsbol"]
[Black "Hansen, Aksel"]
[Result "0-1"]
[WhiteElo "1419"]
[BlackElo "1790"]
[WhiteFideId "1520709"]
[BlackFideId "1412213"]
[EventDate "2019.07.20"]

1. e4 g6 2. d4 Bg7 3. c3 Nf6 4. Nd2 d6 5. b3 Nbd7 6. Bb2 a5 7. Ngf3 O-O 8. Bd3
e5 9. d5 b6 10. Bb5 Nc5 11. Qc2 Ba6 12. Bc6 Nd3+ 13. Kd1 Nxf2+ 14. Ke1 Bd3 15.
Qc1 Nxh1 16. Bxa8 Qxa8 17. c4 Qc8 18. Qc3 Bxe4 19. Qe3 Qg4 20. Qg1 Bxf3 21. Nxf3
Qe4+ 22. Kd1 Ng4 23. h3 Ngf2+ 24. Kd2 Bh6+ 25. Kc3 Qd3# 0-1

[Event "Xtracon Chess Open 2019"]
[Site "Helsingor DEN"]
[Date "2019.07.21"]
[Round "3.145"]
[White "Markussen, Bernt Olav"]
[Black "Eiholt, Bjarne"]
[Result "1-0"]
[WhiteElo "1761"]
[BlackElo "1558"]
[WhiteFideId "1538845"]
[BlackFideId "1411225"]
[EventDate "2019.07.20"]

1. d4 d5 2. Bf4 Nf6 3. e3 e6 4. c3 Be7 5. Nf3 O-O 6. Bd3 c5 7. Nbd2 Nc6 8. Ne5
Bd7 9. Qf3 g6 10. Bh6 Re8 11. g4 Bf8 12. Bg5 Be7 13. h4 Bc8 14. h5 Nxe5 15. dxe5
Nd7 16. Bxe7 Qxe7 17. Qg3 b6 18. hxg6 fxg6 19. Qh2 Qg7 20. f4 Bb7 21. Rg1 c4 22.
Bc2 Nc5 23. O-O-O b5 24. Nf3 Ne4 25. f5 Rf8 26. Nd4 Bc8 27. Bxe4 dxe4 28. f6 Qb7
29. Rh1 Rf7 30. Nxb5 Qb6 31. Rd4 1-0

[Event "Xtracon Chess Open 2019"]
[Site "Helsingor DEN"]
[Date "2019.07.21"]
[Round "3.146"]
[White "Bredeli, Kent-Ove I"]
[Black "Rasmussen, Henning2"]
[Result "1/2-1/2"]
[WhiteElo "1515"]
[BlackElo "1757"]
[WhiteFideId "1522124"]
[BlackFideId "1410962"]
[EventDate "2019.07.20"]

1. d4 d5 2. Nf3 Nf6 3. Bf4 e6 4. e3 c5 5. c3 Nc6 6. Nbd2 a6 7. Bd3 Be7 8. Ne5
O-O 9. Ndf3 h6 10. Qe2 Nxe5 11. Nxe5 Nd7 12. Ng4 f5 13. Ne5 Nxe5 14. Bxe5 c4 15.
Bc2 Bd6 16. O-O-O Bxe5 17. dxe5 Qa5 18. a3 Bd7 19. g4 Ba4 20. Rhg1 Bxc2 21. Qxc2
Qc7 22. f4 Kh8 23. Rg3 fxg4 24. Qg6 Qf7 25. Qxg4 Rg8 26. Rdg1 Rae8 27. Qh4 Kh7
28. Rg4 Qf5 29. Qf2 Ref8 30. h4 Re8 31. R1g2 Ref8 32. Qg1 Qf7 33. Rg6 Re8 34. h5
Re7 35. R2g3 Qf5 36. Qd1 1/2-1/2

[Event "Xtracon Chess Open 2019"]
[Site "Helsingor DEN"]
[Date "2019.07.21"]
[Round "3.147"]
[White "Tolba, Henri"]
[Black "Gjelstrup, Ole"]
[Result "1-0"]
[WhiteElo "1752"]
[BlackElo "1544"]
[WhiteFideId "1418246"]
[BlackFideId "1413481"]
[EventDate "2019.07.20"]

1. c4 e5 2. g3 d6 3. Bg2 f5 4. e3 Nf6 5. Ne2 Be7 6. Nbc3 Nbd7 7. d4 c6 8. b3 Qc7
9. Qc2 Nb6 10. a4 a5 11. O-O Be6 12. Ba3 h5 13. h4 O-O-O 14. dxe5 dxe5 15. Bxe7
Qxe7 16. Rad1 Rdg8 17. Nd5 cxd5 18. cxd5+ Kd7 19. dxe6+ Kxe6 20. f4 Ng4 21. Qc3
Rc8 22. Qxa5 Qc5 23. Qxc5 Rxc5 24. fxe5 Kxe5 25. Nf4 Rc3 26. Ng6+ Ke6 27. Nxh8
Nxe3 28. Rfe1 Rxb3 29. Rb1 1-0

[Event "Xtracon Chess Open 2019"]
[Site "Helsingor DEN"]
[Date "2019.07.21"]
[Round "3.148"]
[White "Gregersen, Hedin"]
[Black "Gupta Nikhil"]
[Result "1-0"]
[WhiteElo "1728"]
[BlackElo "1528"]
[WhiteFideId "7200226"]
[BlackFideId "25697773"]
[EventDate "2019.07.20"]

1. c4 Nf6 2. Nc3 c5 3. g3 Nc6 4. Bg2 e6 5. e4 Be7 6. Nge2 O-O 7. O-O Qc7 8. f4
d6 9. Kh1 Nd4 10. d3 Bd7 11. Be3 Qb6 12. h3 Bc6 13. b4 Nxe2 14. Nxe2 Qxb4 15. g4
Qb6 16. g5 Nh5 17. Bf3 g6 18. Bxh5 gxh5 19. Nc3 f5 20. Qxh5 Be8 21. Qh6 Bg6 22.
Rf2 Rf7 23. Re1 Bf8 24. Qh4 Bg7 25. Bd2 Bd4 26. Rg2 Qc6 27. exf5 Bxf5 28. Ne4
Bg6 29. Nf6+ Bxf6 30. gxf6 Re8 31. Bc3 Qf3 32. Rg1 Qxd3 33. Rg3 Qe4+ 34. Kh2 e5
35. Re1 Qxc4 36. Qg5 Qxa2+ 37. Rg2 Qe6 38. f5 Qxf6 39. fxg6 Qxg5 40. gxf7+ Kxf7
41. Rxg5 Kf6 42. Rh5 Re7 1-0

[Event "Xtracon Chess Open 2019"]
[Site "Helsingor DEN"]
[Date "2019.07.21"]
[Round "3.149"]
[White "Weersing, Nathan"]
[Black "Strachan, Christian C."]
[Result "0-1"]
[WhiteElo "1388"]
[BlackElo "1727"]
[WhiteFideId "467936"]
[BlackFideId "1417215"]
[EventDate "2019.07.20"]

1. e4 e6 2. d4 d5 3. Nc3 Nf6 4. Bg5 dxe4 5. Nxe4 Nbd7 6. Bd3 Be7 7. Nf3 h6 8.
Bh4 O-O 9. Ne5 Nxe4 10. Bxe7 Qxe7 11. Bxe4 Nxe5 12. dxe5 Qb4+ 13. c3 Qxe4+ 14.
Qe2 Qxe2+ 15. Kxe2 b6 16. Rad1 Ba6+ 17. Ke3 Rfd8 18. Rd4 Kf8 19. Rhd1 Ke7 20. a4
Rxd4 21. cxd4 Rd8 22. Rc1 Rd7 23. f4 Bb7 24. g4 a5 25. h4 Bd5 26. Rc3 c6 27. Rd3
Rc7 28. Kd2 c5 29. dxc5 Rxc5 30. Rc3 Rxc3 31. Kxc3 Bc6 32. Kb3 Bf3 33. g5 h5 34.
Ka3 Kd7 35. b4 Kc6 36. bxa5 bxa5 37. Kb2 g6 38. Kc2 Kc5 39. Kc3 Bd1 40. Kb2 Bxa4
41. Ka3 Bb5 42. Kb2 Kd4 0-1

[Event "Xtracon Chess Open 2019"]
[Site "Helsingor DEN"]
[Date "2019.07.21"]
[Round "3.150"]
[White "Bohlin, Jan"]
[Black "Thybo, Jan"]
[Result "1-0"]
[WhiteElo "1724"]
[BlackElo "1316"]
[WhiteFideId "1758616"]
[BlackFideId "1438824"]
[EventDate "2019.07.20"]

1. d4 Nf6 2. c4 d6 3. Nc3 g6 4. e4 Bg7 5. f3 O-O 6. Bg5 h6 7. Be3 e5 8. d5 Na6
9. Qd2 Kh7 10. Bd3 Nc5 11. Bc2 a6 12. Nge2 c6 13. b4 Ncd7 14. dxc6 bxc6 15. Qxd6
Bb7 16. O-O Re8 17. c5 Bf8 18. Qd2 a5 19. a3 axb4 20. axb4 Qe7 21. Rfd1 1-0

[Event "Xtracon Chess Open 2019"]
[Site "Helsingor DEN"]
[Date "2019.07.21"]
[Round "3.151"]
[White "Shehzad, Alisha"]
[Black "Ramkilde, Mikael"]
[Result "0-1"]
[WhiteElo "1637"]
[BlackElo "1957"]
[WhiteFideId "1521926"]
[BlackFideId "1439391"]
[EventDate "2019.07.20"]

1. e4 c5 2. Nf3 d6 3. d4 cxd4 4. Nxd4 Nf6 5. Nc3 a6 6. Be2 e5 7. Nb3 Be7 8. Be3
O-O 9. O-O Be6 10. f3 b5 11. Qd2 Nbd7 12. Rad1 Rc8 13. g4 Nb6 14. Qc1 Qc7 15. h3
b4 16. Nb1 Nc4 17. Bf2 d5 18. g5 Nh5 19. exd5 Nf4 20. Bxc4 Qxc4 21. N1d2 Ne2+
22. Kg2 Qf4 23. Qb1 Qxg5+ 24. Kh2 Qf5 25. dxe6 Nf4 0-1

[Event "Xtracon Chess Open 2019"]
[Site "Helsingor DEN"]
[Date "2019.07.21"]
[Round "3.152"]
[White "Christensen, Tommy"]
[Black "Sundin, Sven-Ingvar"]
[Result "1-0"]
[WhiteElo "1908"]
[BlackElo "1632"]
[WhiteFideId "1423266"]
[BlackFideId "1724517"]
[EventDate "2019.07.20"]

1. e4 e5 2. Nf3 Nc6 3. Bb5 a6 4. Ba4 b5 5. Bb3 Nf6 6. d4 exd4 7. Nxd4 Nxd4 8.
Qxd4 c5 9. Qe5+ Be7 10. c4 d6 11. Qf4 O-O 12. O-O Be6 13. Nd2 Nd7 14. cxb5 Bxb3
15. Nxb3 axb5 16. Qg3 Kh8 17. Bf4 Qc7 18. Rfd1 Ne5 19. Rd5 f6 20. Be3 Rac8 21.
Nd2 Rfd8 22. f4 Nf7 23. Nf3 b4 24. Rh5 g6 25. Qxg6 1-0

[Event "Xtracon Chess Open 2019"]
[Site "Helsingor DEN"]
[Date "2019.07.21"]
[Round "3.153"]
[White "Nord, Alexander"]
[Black "Fjallheim, Benjamin Reinert"]
[Result "1-0"]
[WhiteElo "1893"]
[BlackElo "1612"]
[WhiteFideId "1738135"]
[BlackFideId "7202008"]
[EventDate "2019.07.20"]

1. d4 Nf6 2. Bf4 g6 3. e3 Bg7 4. Nf3 d6 5. Be2 c5 6. dxc5 Ne4 7. c3 Nxc5 8. O-O
Bf5 9. h3 Qb6 10. Nbd2 Qxb2 11. Nd4 Qxc3 12. Rc1 Qa5 13. Nc4 Qd8 14. Nxf5 gxf5
15. Bxd6 Ne4 16. Qa4+ Nc6 17. Be5 O-O 18. Rfd1 Qxd1+ 19. Bxd1 Bxe5 20. Nxe5 Nxe5
21. Qb5 f6 22. Qxb7 Nxf2 23. Qb3+ Kh8 24. Kxf2 Rab8 25. Qa3 Rfd8 26. Be2 Rd2 27.
Rd1 Nd3+ 28. Qxd3 1-0

[Event "Xtracon Chess Open 2019"]
[Site "Helsingor DEN"]
[Date "2019.07.21"]
[Round "3.154"]
[White "Rempe, Janne"]
[Black "Rasmussen, Morten Fredsgaard2"]
[Result "0-1"]
[WhiteElo "1594"]
[BlackElo "1882"]
[WhiteFideId "16202392"]
[BlackFideId "1410636"]
[EventDate "2019.07.20"]

1. d4 d5 2. Nf3 Nf6 3. Bf4 c5 4. e3 Nc6 5. c3 Qb6 6. b3 Bf5 7. Bd3 Bg6 8. a4 e6
9. Na3 Bxd3 10. Qxd3 Qxb3 11. Nb5 c4 12. Qd2 Ne4 13. Qc1 Kd7 14. O-O a6 15. Nd2
Nxd2 16. Qxd2 Nb4 17. Nc7 Rc8 18. cxb4 Bd6 19. Bxd6 Kxd6 20. Nxa6 bxa6 21. Rfb1
Qd3 22. Qxd3 cxd3 23. Rd1 Rc3 24. Ra2 Rb8 25. Rb2 Rc2 26. Rb3 d2 27. Rd3 Rxb4
28. Kf1 Rxa4 29. R3xd2 Rac4 30. Rxc2 Rxc2 31. Ra1 Rc6 32. Ra5 Rb6 33. f4 Kc6 34.
Ke2 Kb7 35. g4 Rb5 36. Rxb5+ axb5 37. Kd3 Kb6 38. Kc3 Ka5 39. Kb3 b4 40. h3 Kb5
41. Kb2 Kc4 42. Kc2 b3+ 43. Kb2 Kb4 44. Ka1 Kc3 45. Kb1 Kd3 46. Kb2 Kxe3 47. f5
Kxd4 48. Kxb3 exf5 49. gxf5 Ke3 50. Kc3 d4+ 51. Kc2 Ke2 0-1

[Event "Xtracon Chess Open 2019"]
[Site "Helsingor DEN"]
[Date "2019.07.21"]
[Round "3.155"]
[White "Satre, Roger"]
[Black "Narheim, Mats"]
[Result "0-1"]
[WhiteElo "1867"]
[BlackElo "1608"]
[WhiteFideId "1510320"]
[BlackFideId "1518607"]
[EventDate "2019.07.20"]

1. e4 c5 2. Nc3 Nc6 3. g3 g6 4. Bg2 Bg7 5. d3 d6 6. Be3 Bd7 7. Qd2 Nf6 8. Bh6
O-O 9. h4 Qb6 10. O-O-O a5 11. h5 c4 12. hxg6 fxg6 13. Bxg7 Kxg7 14. Nd5 Nxd5
15. Qh6+ Kf7 16. Qxh7+ Ke8 17. Qxg6+ Kd8 18. exd5 Ne5 19. Qg7 Kc7 20. d4 c3 21.
b3 Qb4 22. Rf1 Qa3+ 23. Kd1 Qb2 24. Be4 Qb1+ 25. Ke2 Bb5+ 26. Ke3 Qxf1 27. Qxe7+
Bd7 28. f3 Ng4+ 29. fxg4 Qf2+ 30. Kd3 Qd2+ 31. Kc4 b5# 0-1

[Event "Xtracon Chess Open 2019"]
[Site "Helsingor DEN"]
[Date "2019.07.21"]
[Round "3.156"]
[White "Saravana, Vedant Kumar"]
[Black "Damm, Henrik"]
[Result "1-0"]
[WhiteElo "1861"]
[BlackElo "1591"]
[WhiteFideId "45059730"]
[BlackFideId "1425013"]
[EventDate "2019.07.20"]

1. e4 e5 2. Nf3 Nc6 3. Bc4 Nf6 4. d3 d6 5. h3 Na5 6. Bb3 Nxb3 7. axb3 h6 8. Nc3
Be7 9. O-O O-O 10. d4 exd4 11. Nxd4 Re8 12. f4 c5 13. Ndb5 Qb6 14. Qf3 Nh7 15.
Na3 Bd7 16. Nc4 Qd8 17. Qg3 Bh4 18. Qf3 Bc6 19. Qd3 Be7 20. Ne3 a6 21. Ned5 Nf6
22. Bd2 b5 23. Rae1 b4 24. Nxe7+ Rxe7 25. Ne2 Bb5 26. Qf3 Nxe4 27. Bc1 Qe8 28.
f5 Ng5 29. Bxg5 hxg5 30. Rf2 f6 31. Qd5+ Kh8 32. h4 Re5 33. Qf3 gxh4 34. Kh2 Ra7
35. Qg4 Re4 36. Rf4 Rxf4 37. Nxf4 Qxe1 38. Ng6+ Kg8 39. Qh5 Qg3+ 40. Kh1 Qe1+
41. Kh2 Qe8 42. Qh8+ Kf7 43. Qh5 Qg8 44. Qf3 Ke8 45. Qe4+ Kd8 46. Nf4 Rd7 47.
Qa8+ Kc7 48. Qxg8 c4 49. bxc4 Bxc4 50. Qxc4+ 1-0

[Event "Xtracon Chess Open 2019"]
[Site "Helsingor DEN"]
[Date "2019.07.21"]
[Round "3.157"]
[White "Hempler, Poul"]
[Black "Knudsen, Jan"]
[Result "1-0"]
[WhiteElo "1856"]
[BlackElo "1577"]
[WhiteFideId "1468464"]
[BlackFideId "1460803"]
[EventDate "2019.07.20"]

1. e4 c5 2. c3 d6 3. d4 cxd4 4. cxd4 Nf6 5. Nc3 g6 6. Nf3 Bg7 7. Bd3 O-O 8. O-O
Bg4 9. h3 Bd7 10. Be3 Nc6 11. Rc1 a6 12. d5 Ne5 13. Nxe5 dxe5 14. Na4 Bxa4 15.
Qxa4 b5 16. Qb3 Rc8 17. a4 Rb8 18. axb5 axb5 19. Rc5 b4 20. Ra1 Qd6 21. Rc6 Qd7
22. Ra7 Rb7 23. Rxb7 Qxb7 24. Rb6 Qd7 25. Qxb4 Nh5 26. Rb7 Qd6 27. Qxd6 exd6 28.
b4 Nf4 29. Bf1 f5 30. Rc7 fxe4 31. b5 Kh8 32. Bxf4 exf4 33. b6 Bd4 34. b7 Ba7
35. Rc8 Kg7 36. Be2 e3 37. f3 h6 38. Kf1 Kf7 39. Bd3 g5 40. Ke2 Bb8 41. Kd1 Ke7
42. Kc2 Rd8 43. Kc3 Kd7 44. Bb5+ Ke7 45. Kd4 Rf8 46. Kc3 Rd8 47. Kb4 Rf8 48. Ka5
Rd8 49. Ka6 Rf8 50. Rxb8 Rxb8 51. Ka7 Rxb7+ 52. Kxb7 Kf6 53. Kc6 Ke5 54. Bf1 Kd4
55. Kxd6 Kc3 56. Ke5 Kd2 57. d6 e2 58. Bxe2 Kxe2 59. d7 Kf2 60. d8=Q Kxg2 1-0

[Event "Xtracon Chess Open 2019"]
[Site "Helsingor DEN"]
[Date "2019.07.21"]
[Round "3.158"]
[White "Rempe, Mieke"]
[Black "Knudsen, Jan"]
[Result "1-0"]
[WhiteElo "1558"]
[BlackElo "1577"]
[WhiteFideId "16202384"]
[BlackFideId "1460803"]
[EventDate "2019.07.20"]

1. e4 e6 2. d4 d5 3. exd5 exd5 4. Nf3 Bd6 5. c4 Nf6 6. Bg5 c6 7. Nc3 dxc4 8.
Qe2+ Be6 9. d5 cxd5 10. Nxd5 Qa5+ 11. Nc3 Nbd7 12. Bxf6 Nxf6 13. Nd4 O-O 14.
Nxe6 Rfe8 15. Qxc4 Rxe6+ 16. Be2 Re4 17. Qb3 Bb4 18. Rc1 Rae8 19. Rc2 Qe5 20.
O-O Bxc3 21. Bd3 Ng4 22. g3 Re1 23. Qxc3 Rxf1+ 24. Bxf1 Qh5 25. f3 Ne5 26. Be2
Qg6 27. Qxe5 f6 28. Qc3 Rd8 29. Rd2 Re8 30. Bf1 Qb1 31. Qb3+ Kh8 32. Qf7 Rg8 33.
Re2 1-0

[Event "Xtracon Chess Open 2019"]
[Site "Helsingor DEN"]
[Date "2019.07.21"]
[Round "3.159"]
[White "Nielsen, Palle"]
[Black "Tummasarson, Flovin M."]
[Result "1-0"]
[WhiteElo "1806"]
[BlackElo "1561"]
[WhiteFideId "1408526"]
[BlackFideId "7202431"]
[EventDate "2019.07.20"]

1. e4 e5 2. Bc4 Nc6 3. Nf3 Bc5 4. O-O d6 5. c3 Bg4 6. d3 Nf6 7. b4 Bb6 8. a4 a5
9. b5 Ne7 10. Be3 c6 11. Nbd2 Ng6 12. Qc2 d5 13. Bb3 h6 14. Bxb6 Qxb6 15. exd5
cxd5 16. Rfe1 Bxf3 17. Nxf3 O-O 18. Nxe5 Nxe5 19. Rxe5 Qd6 20. Re3 Rac8 21. Qd2
Qf4 22. Rd1 Rce8 23. g3 Qf5 24. Rde1 Rc8 25. Re5 Qg6 26. Bxd5 Nd7 27. Re7 Qd6
28. Bxb7 Rcd8 29. d4 Nc5 30. Bc6 Nxa4 31. Qc2 Nb6 32. Qf5 a4 33. Qc5 a3 34. Qxb6 1-0